[Event "Montevideo Duchamp Cup 7th"]
[Site "Montevideo"]
[Date "2024.02.02"]
[Round "2"]
[White "Bashtavenko, Aleksey Stanislavov"]
[Black "Quevedo, Andreina"]
[Result "0-1"]
[WhiteElo "1560"]
[BlackElo "1762"]
[PlyCount "66"]
[EventDate "2024.02.01"]
[EventType "swiss"]
[EventRounds "9"]
[EventCountry "URU"]
[SourceTitle "CB07_2024"]
[SourceDate "2024.02.14"]
[SourceVersion "1"]
[SourceVersionDate "2024.02.14"]
[SourceQuality "1"]

1. d4 Nf6 2. c4 g6 3. Nc3 Bg7 4. e4 d6 5. Nf3 0-0 6. Be2 e5 7. 0-0 Nc6 8. d5 Ne7 9. Ne1 Nd7 10. Be3 f5 11. f3 f4 12. Bf2 g5 13. a4 Rf6 14. a5 Rh6 15. Nd3 Nf6 16. Be1 Rg6 17. Nf2 h5 18. h3 Kh8 19. b4 Neg8 20. c5 Nh6 21. cxd6 cxd6 22. Nb5 g4 23. fxg4 hxg4 24. hxg4 Nhxg4 25. Bxg4 Nxg4 26. Nxg4 Bxg4 27. Qd3 Qg5 28. Ra2 Rh6 29. Nc7 Rg8 30. g3 Qh5 31. gxf4 Qh1+ 32. Kf2 Qh2+ 33. Ke3 Rh3+ 0-1

[Event "Florianopolis op 10th"]
[Site "Florianopolis"]
[Date "2024.01.24"]
[Round "6"]
[White "Fraga, Heitor Carneiro"]
[Black "Bashtavenko, Aleksey Stanislavov"]
[Result "1-0"]
[WhiteElo "1839"]
[BlackElo "1553"]
[PlyCount "39"]
[EventDate "2024.01.20"]
[EventType "swiss"]
[EventRounds "10"]
[EventCountry "BRA"]
[SourceTitle "CB05_2024"]
[SourceDate "2024.01.31"]
[SourceVersion "1"]
[SourceVersionDate "2024.01.31"]
[SourceQuality "1"]

1. e4 e6 2. d4 d5 3. Nd2 Nf6 4. e5 Nfd7 5. Bd3 c5 6. c3 Be7 7. Ne2 b6 8. f4 Ba6 9. Bxa6 Nxa6 10. Nf3 Nc7 11. 0-0 b5 12. Qe1 Nb6 13. Qg3 g6 14. h4 h5 15. f5 exf5 16. Nf4 Qd7 17. e6 Nxe6 18. Nxe6 Qxe6 19. Re1 Qf6 20. Bg5 1-0

[Event "Florianopolis op 10th"]
[Site "Florianopolis"]
[Date "2024.01.22"]
[Round "4"]
[White "Moyses Sobrinho, Elias"]
[Black "Bashtavenko, Aleksey Stanislavov"]
[Result "1-0"]
[WhiteElo "1844"]
[BlackElo "1553"]
[PlyCount "46"]
[EventDate "2024.01.20"]
[EventType "swiss"]
[EventRounds "10"]
[EventCountry "BRA"]
[SourceTitle "CB05_2024"]
[SourceDate "2024.01.31"]
[SourceVersion "1"]
[SourceVersionDate "2024.01.31"]
[SourceQuality "1"]

1. d4 Nf6 2. c4 e6 3. Nf3 b6 4. e3 Ba6 5. b3 Bb7 6. Be2 Bb4+ 7. Bd2 Qe7 8. 0-0 Bxd2 9. Nbxd2 0-0 10. Qc2 d6 11. e4 e5 12. d5 a5 13. Ne1 Nfd7 14. Nd3 Na6 15. a3 Nac5 16. Nxc5 Nxc5 17. b4 Nd7 18. Nb3 a4 19. Nc1 b5 20. cxb5 Nb6 21. Nd3 Rab8 22. Rac1 Na8 23. Nb2 f5 1-0

[Event "Catarinense-ch"]
[Site "Itajai"]
[Date "2023.11.25"]
[Round "4"]
[White "Bashtavenko, Aleksey Stanislavov"]
[Black "Centeno, Daniel de Medeiros"]
[Result "1-0"]
[WhiteElo "1575"]
[BlackElo "1324"]
[PlyCount "71"]
[EventDate "2023.11.24"]
[EventType "swiss"]
[EventRounds "6"]
[EventCountry "BRA"]
[SourceTitle "CB50_2023"]
[SourceDate "2023.12.13"]
[SourceVersion "1"]
[SourceVersionDate "2023.12.13"]
[SourceQuality "1"]

1. d4 d5 2. Nc3 Nf6 3. Bg5 Bf5 4. Nf3 h6 5. Bf4 e6 6. a3 Be7 7. e3 0-0 8. Nb5 Na6 9. c4 c6 10. Nc3 Nc7 11. c5 Nh5 12. Be2 Nxf4 13. exf4 Ne8 14. Ne5 Qc7 15. Bd3 f6 16. Bxf5 exf5 17. Ng6 Rf7 18. Qd3 Qd7 19. 0-0 Kh7 20. Nh4 g6 21. Rfe1 Ng7 22. Nf3 Re8 23. Re3 Bd8 24. Rae1 Rfe7 25. b4 Bc7 26. g3 Rxe3 27. Rxe3 b6 28. Qa6 Bd8 29. Qe2 Ne6 30. Qd3 Bc7 31. h4 Bb8 32. h5 Rg8 33. hxg6+ Rxg6 34. Qxf5 Bxf4 35. Qxe6 Qg7 36. Nh4 1-0

[Event "Catarinense-ch"]
[Site "Itajai"]
[Date "2023.11.24"]
[Round "1"]
[White "Matsuura, Everaldo"]
[Black "Bashtavenko, Aleksey Stanislavov"]
[Result "1-0"]
[WhiteElo "2412"]
[BlackElo "1575"]
[PlyCount "43"]
[EventDate "2023.11.24"]
[EventType "swiss"]
[EventRounds "6"]
[EventCountry "BRA"]
[SourceTitle "CB50_2023"]
[SourceDate "2023.12.13"]
[SourceVersion "1"]
[SourceVersionDate "2023.12.13"]
[SourceQuality "1"]

1. e4 c5 2. Nf3 Nc6 3. c3 d6 4. d4 Bg4 5. d5 Bxf3 6. Qxf3 Ne5 7. Bb5+ Nd7 8. c4 a6 9. Ba4 Ngf6 10. Qe2 Qc7 11. f4 0-0-0 12. 0-0 Nb6 13. Bc2 Nfd7 14. a4 a5 15. Nc3 g6 16. Nb5 Qb8 17. Bd2 Qa8 18. Bc3 f6 19. e5 fxe5 20. fxe5 Kb8 21. exd6 Nf6 22. dxe7 1-0

[Event "Timbo op 3rd"]
[Site "Timbo"]
[Date "2023.11.05"]
[Round "5"]
[White "Blaskosky, Vinicius"]
[Black "Bashtavenko, Aleksey Stanislavov"]
[Result "0-1"]
[WhiteElo "1363"]
[BlackElo "1575"]
[PlyCount "48"]
[EventDate "2023.11.03"]
[EventType "swiss"]
[EventRounds "6"]
[EventCountry "BRA"]
[SourceTitle "CB49_2023"]
[SourceDate "2023.12.06"]
[SourceVersion "1"]
[SourceVersionDate "2023.12.06"]
[SourceQuality "1"]

1. d4 Nf6 2. c4 e6 3. Nc3 Bb4 4. Qc2 0-0 5. Nf3 Bxc3+ 6. bxc3 d5 7. cxd5 exd5 8. e3 Re8 9. Bd3 Ne4 10. 0-0 f5 11. Ne5 Nd7 12. Nxd7 Bxd7 13. f3 Nd6 14. Ba3 Nb5 15. Bxb5 Bxb5 16. Rfe1 Qg5 17. Qb3 Bc6 18. c4 Rad8 19. e4 fxe4 20. fxe4 dxe4 21. d5 e3 22. dxc6 Rd2 23. g3 Qh5 24. h4 Qf3 0-1

[Event "Curitiba Parana op"]
[Site "Curitiba"]
[Date "2023.04.21"]
[Round "2"]
[White "Lang, Eros Antonio Ferrei"]
[Black "Bashtavenko, Aleksey Stanislavov"]
[Result "1-0"]
[WhiteElo "1873"]
[BlackElo "1554"]
[PlyCount "37"]
[EventDate "2023.04.21"]
[EventType "swiss"]
[EventRounds "6"]
[EventCountry "BRA"]
[SourceTitle "CBM 214 Extra"]
[Source "ChessBase"]
[SourceDate "2023.07.31"]
[SourceVersion "1"]
[SourceVersionDate "2023.07.31"]
[SourceQuality "1"]

1. e4 c5 2. c3 d5 3. exd5 Qxd5 4. Nf3 Nf6 5. d4 e6 6. Be2 Be7 7. 0-0 0-0 8. h3 h6 9. Ne5 Nbd7 10. Bf3 Ne4 11. Nxd7 Bxd7 12. Re1 f5 13. Nd2 Rae8 14. Nxe4 fxe4 15. Bxe4 Qc4 16. Be3 e5 17. dxc5 Bxh3 18. Bd5+ Qxd5 19. Qxd5+ 1-0

[Event "Montevideo Duchamp Cup 6th"]
[Site "Montevideo"]
[Date "2023.02.09"]
[Round "7"]
[White "Paiva, Gaston"]
[Black "Bashtavenko, Aleksey Stanislavov"]
[Result "0-1"]
[WhiteElo "1335"]
[BlackElo "1565"]
[PlyCount "46"]
[EventDate "2023.02.03"]
[EventType "swiss"]
[EventRounds "9"]
[EventCountry "URU"]
[SourceTitle "CBM 212 Extra"]
[Source "ChessBase"]
[SourceDate "2023.03.31"]
[SourceVersion "1"]
[SourceVersionDate "2023.03.31"]
[SourceQuality "1"]

1. d4 Nf6 2. c4 e6 3. Nc3 Bb4 4. Qc2 0-0 5. a3 Bxc3+ 6. Qxc3 d5 7. e3 dxc4 8. Bxc4 b6 9. Nf3 Ba6 10. Bxa6 Nxa6 11. 0-0 c5 12. Rd1 Qc8 13. dxc5 Nxc5 14. b4 Nce4 15. Qxc8 Raxc8 16. Bb2 Nd5 17. Rac1 Nec3 18. Bxc3 Nxc3 19. Rxc3 Rxc3 20. Ra1 Rfc8 21. h3 Rc1+ 22. Rxc1 Rxc1+ 23. Kh2 Ra1 0-1

[Event "Montevideo Duchamp Cup 6th"]
[Site "Montevideo"]
[Date "2023.02.03"]
[Round "1"]
[White "Torella, Rodolfo"]
[Black "Bashtavenko, Aleksey Stanislavov"]
[Result "1-0"]
[WhiteElo "2019"]
[BlackElo "1565"]
[PlyCount "118"]
[EventDate "2023.02.03"]
[EventType "swiss"]
[EventRounds "9"]
[EventCountry "URU"]
[SourceTitle "CBM 212 Extra"]
[Source "ChessBase"]
[SourceDate "2023.03.31"]
[SourceVersion "1"]
[SourceVersionDate "2023.03.31"]
[SourceQuality "1"]

1. d4 Nf6 2. c4 g6 3. Nc3 Bg7 4. e4 d6 5. Nf3 0-0 6. h3 Nbd7 7. Be3 e5 8. d5 a5 9. a3 Nc5 10. Nd2 c6 11. Be2 cxd5 12. cxd5 Bd7 13. 0-0 Ne8 14. Nc4 f5 15. f3 a4 16. Nd2 Nf6 17. Bxc5 dxc5 18. Bc4 Kh8 19. Qe2 Ne8 20. Bb5 Nd6 21. Bxd7 Qxd7 22. Nc4 Nxc4 23. Qxc4 b6 24. Rad1 Bh6 25. Rd3 fxe4 26. fxe4 Rxf1+ 27. Kxf1 Rf8+ 28. Kg1 Qd8 29. Rf3 Rxf3 30. gxf3 Qg5+ 31. Kh2 Qc1 32. Qe2 Be3 33. Nd1 Bd4 34. h4 Qf4+ 35. Kh3 g5 36. hxg5 Qxg5 37. Nf2 Qg1 38. Ng4 h5 39. Nh2 Bf2 40. Nf1 Qh1+ 41. Nh2 Qg1 42. Nf1 Kg7 43. Qb5 Kf8 44. d6 Qh1+ 45. Nh2 Bg1 46. Qe2 Bxh2 47. Qxh2 Qxf3+ 48. Qg3 Qh1+ 49. Qh2 Qxh2+ 50. Kxh2 Ke8 51. Kg3 Kd7 52. Kh4 b5 53. Kxh5 b4 54. Kg4 Kxd6 55. Kf3 Kc6 56. Ke3 c4 57. Kd2 c3+ 58. Kc2 cxb2 59. Kxb2 b3 1-0

[Event "Florianopolis op 9th"]
[Site "Florianopolis"]
[Date "2023.01.27"]
[Round "7"]
[White "Bashtavenko, Aleksey Stanislavov"]
[Black "Do Nascimento, Carlos Augusto Xavi"]
[Result "0-1"]
[WhiteElo "1569"]
[BlackElo "1895"]
[PlyCount "84"]
[EventDate "2023.01.23"]
[EventType "swiss"]
[EventRounds "10"]
[EventCountry "BRA"]
[SourceTitle "CBM 212 Extra"]
[Source "ChessBase"]
[SourceDate "2023.03.31"]
[SourceVersion "1"]
[SourceVersionDate "2023.03.31"]
[SourceQuality "1"]

1. d4 d6 2. Nf3 Nd7 3. c4 c5 4. Nc3 e6 5. e4 Be7 6. Be2 Ngf6 7. 0-0 a6 8. b4 Qc7 9. Rb1 h6 10. h3 b6 11. Be3 Bb7 12. Qc2 e5 13. d5 Nf8 14. bxc5 bxc5 15. Rb2 N8d7 16. Rfb1 Bc8 17. Qa4 0-0 18. Nd2 Rb8 19. Qc6 Bd8 20. Na4 Rxb2 21. Rxb2 Nb8 22. Qa8 Nfd7 23. Bg4 Bg5 24. Bxg5 hxg5 25. Bxd7 Nxd7 26. Qc6 Qa5 27. Kh2 g4 28. hxg4 Nf6 29. g5 Bd7 30. Qxd6 Ng4+ 31. Kg3 Qxa4 32. Qxc5 Qd1 33. Nf3 Qc1 34. Rd2 Qb1 35. Re2 f5 36. Re1 f4+ 37. Kh4 Qxa2 38. d6 Qxf2+ 39. Qxf2 Nxf2 40. Nxe5 Rd8 41. Nxd7 Rxd7 42. c5 Nd3 0-1

[Event "Florianopolis op 9th"]
[Site "Florianopolis"]
[Date "2023.01.24"]
[Round "2"]
[White "Solanho, Henrique Sulzbach"]
[Black "Bashtavenko, Aleksey Stanislavov"]
[Result "0-1"]
[WhiteElo "1098"]
[BlackElo "1569"]
[PlyCount "50"]
[EventDate "2023.01.23"]
[EventType "swiss"]
[EventRounds "10"]
[EventCountry "BRA"]
[SourceTitle "CBM 212 Extra"]
[Source "ChessBase"]
[SourceDate "2023.03.31"]
[SourceVersion "1"]
[SourceVersionDate "2023.03.31"]
[SourceQuality "1"]

1. d4 Nf6 2. Nf3 g6 3. h3 Bg7 4. Bf4 d6 5. e3 0-0 6. Be2 b6 7. 0-0 c5 8. c3 Bb7 9. Nbd2 Nbd7 10. Qa4 Qc7 11. Ba6 Bc6 12. Bb5 Bxb5 13. Qxb5 a6 14. Qd3 b5 15. a4 c4 16. Qe2 Qc6 17. axb5 axb5 18. Ng5 h6 19. Qf3 d5 20. Nxf7 Rxf7 21. Rfe1 g5 22. Bh2 Ne4 23. Qe2 Rxf2 24. Qg4 Rxa1 25. Rxa1 Ndf6 0-1

[Event "Rio de Janeiro Duchamp op 4th"]
[Site "Rio de Janeiro"]
[Date "2022.12.07"]
[Round "1"]
[White "Campos, Alexandre Ferreira"]
[Black "Bashtavenko, Aleksey Stanislavov"]
[Result "1-0"]
[WhiteElo "2034"]
[BlackElo "1565"]
[PlyCount "89"]
[EventDate "2022.12.07"]
[EventType "swiss"]
[EventRounds "9"]
[EventCountry "BRA"]
[SourceTitle "CBM 211 Extra"]
[Source "ChessBase"]
[SourceDate "2023.01.31"]
[SourceVersion "1"]
[SourceVersionDate "2023.01.31"]
[SourceQuality "1"]

1. e4 c5 2. Nf3 e6 3. c4 g6 4. g3 Bg7 5. Bg2 Nc6 6. 0-0 Nge7 7. Nc3 0-0 8. d3 d5 9. exd5 exd5 10. Bf4 a6 11. Na4 b5 12. cxb5 axb5 13. Nxc5 Bxb2 14. Rb1 Bg7 15. Rxb5 Rxa2 16. Qb1 Ra1 17. Qb3 Rxf1+ 18. Kxf1 Bg4 19. Be3 Qa8 20. h3 Be6 21. Kg1 Nf5 22. Nxe6 fxe6 23. Bc5 Ncd4 24. Nxd4 Nxd4 25. Qb4 Qa1+ 26. Kh2 Ne2 27. Qb1 Qxb1 28. Rxb1 Ra8 29. Be3 Bd4 30. Re1 Bxe3 31. Rxe2 Bd4 32. Rxe6 Rd8 33. f4 Kf7 34. Rc6 Bf6 35. g4 d4 36. Kg3 Re8 37. Be4 Rd8 38. h4 Be7 39. g5 Bd6 40. Kg4 Ke7 41. Ra6 Rd7 42. f5 Kf7 43. Bd5+ Ke8 44. Bc6 gxf5+ 45. Kxf5 1-0

[Event "Timbo U2200 op 2nd"]
[Site "Timbo"]
[Date "2022.08.13"]
[Round "4"]
[White "Bashtavenko, Aleksey Stanislavov"]
[Black "Mazzuco Junior, Adir"]
[Result "1-0"]
[WhiteElo "1609"]
[BlackElo "1494"]
[PlyCount "61"]
[EventDate "2022.08.12"]
[EventType "swiss"]
[EventRounds "6"]
[EventCountry "BRA"]
[SourceTitle "EXT 2024"]
[Source "ChessBase"]
[SourceDate "2023.10.10"]
[SourceVersion "1"]
[SourceVersionDate "2023.10.10"]
[SourceQuality "1"]

1. d4 d5 2. c4 c6 3. Nc3 Nf6 4. Nf3 e6 5. cxd5 exd5 6. Bf4 Nbd7 7. e3 Ne4 8. Nxe4 dxe4 9. Nd2 Nf6 10. Be2 Bb4 11. 0-0 0-0 12. a3 Bd6 13. Bg5 Bf5 14. Nc4 Re8 15. Nxd6 Qxd6 16. Qc2 h6 17. Bf4 Qe7 18. b4 Ng4 19. b5 Rac8 20. Qd1 Nf6 21. bxc6 bxc6 22. Ba6 Rcd8 23. Qc2 g5 24. Be5 Ng4 25. Bg3 h5 26. h3 Nf6 27. Qxc6 Qe6 28. Qxe6 Rxe6 29. Be2 g4 30. hxg4 hxg4 31. Rab1 1-0

[Event "Timbo U2200 op 2nd"]
[Site "Timbo"]
[Date "2022.08.13"]
[Round "3"]
[White "Staats, Gustavo Da Silva"]
[Black "Bashtavenko, Aleksey Stanislavov"]
[Result "1-0"]
[WhiteElo "1530"]
[BlackElo "1609"]
[PlyCount "60"]
[EventDate "2022.08.12"]
[EventType "swiss"]
[EventRounds "6"]
[EventCountry "BRA"]
[SourceTitle "EXT 2024"]
[Source "ChessBase"]
[SourceDate "2023.10.10"]
[SourceVersion "1"]
[SourceVersionDate "2023.10.10"]
[SourceQuality "1"]

1. d4 Nf6 2. Bf4 d6 3. Nc3 c6 4. Qd2 d5 5. f3 e6 6. e4 Bb4 7. a3 Qa5 8. e5 Nh5 9. Be3 g6 10. g4 Ng7 11. Bh6 Rg8 12. Nge2 Na6 13. Bxg7 Rxg7 14. Qh6 Bf8 15. Bg2 Nb4 16. 0-0 Nxc2 17. Rac1 Rg8 18. Qd2 Nxa3 19. bxa3 Qxa3 20. Ra1 Qe7 21. Rfb1 Qh4 22. Na4 a6 23. Nb6 Rb8 24. Nxc8 Rxc8 25. Rxb7 Bh6 26. Qb4 Be3+ 27. Kh1 h5 28. Rb8 Qd8 29. Rxc8 Qxc8 30. Qa3 hxg4 1-0

[Event "Pan American-ch U1700"]
[Site "Timbo"]
[Date "2021.12.05"]
[Round "9"]
[White "Bashtavenko, Aleksey Stanislavov"]
[Black "Campagnolo, Bruna"]
[Result "1-0"]
[WhiteElo "1540"]
[BlackElo "1363"]
[PlyCount "119"]
[EventDate "2021.12.01"]
[EventType "swiss"]
[EventRounds "9"]
[EventCountry "BRA"]
[SourceTitle "CBM 205 Extra"]
[Source "ChessBase"]
[SourceDate "2022.01.31"]
[SourceVersion "1"]
[SourceVersionDate "2022.01.31"]
[SourceQuality "1"]

1. d4 Nf6 2. c4 g6 3. Nc3 Bg7 4. e4 d6 5. Nf3 0-0 6. Be2 Nbd7 7. 0-0 e5 8. Be3 Nh5 9. dxe5 dxe5 10. Qd2 c6 11. Ne1 Nhf6 12. Nd3 Qe7 13. f3 Rd8 14. Qc2 Ne8 15. Rfd1 b6 16. b4 Nd6 17. Ne1 Qe6 18. Qb3 Bb7 19. Rd2 c5 20. Rad1 Bf8 21. bxc5 Nxc5 22. Bxc5 bxc5 23. Rxd6 Rxd6 24. Qxb7 Rad8 25. Nd5 R6d7 26. Nf6+ Qxf6 27. Rxd7 Rxd7 28. Qxd7 Qf4 29. Qxa7 Qe3+ 30. Kf1 Qd4 31. a4 Bh6 32. Qb8+ Kg7 33. Qb3 Qa1 34. Qd1 Qc3 35. Qd3 Qc1 36. Qd1 Qc3 37. Nd3 Be3 38. Nf2 Bd4 39. Nh3 h5 40. Qd3 Qc1+ 41. Bd1 g5 42. Ng1 g4 43. Ne2 Qg5 44. Nxd4 exd4 45. fxg4 hxg4 46. Qe2 Qf4+ 47. Kg1 Kf8 48. g3 Qg5 49. Kg2 Ke7 50. Qxg4 Qd2+ 51. Qe2 Qc3 52. Bc2 Kd6 53. e5+ Ke7 54. Qd3 Qe1 55. Qe4 Qd2+ 56. Kh3 Qh6+ 57. Qh4+ Qxh4+ 58. Kxh4 Ke6 59. Bd3 Kxe5 60. Kg4 1-0